| 000 | 00380cam a2200145ua 4500 | ||
|---|---|---|---|
| 041 |
_amal _h |
||
| 082 |
_a894.8122 _bSAD/KU |
||
| 100 | _aSadanandan, S.L.Puram . | ||
| 245 |
_aKurachariyuka Ere Viswasikkuka / _cS.L.Puram Sadanandan. _hTextual Documents |
||
| 260 |
_aThrissur : _bCurrent Books , _c1963. |
||
| 300 | _a67 ; . | ||
| 504 | _a | ||
| 942 | _cBK | ||
| 999 |
_c1282 _d1282 |
||